000
00293nam a22001337a 4500
008
170922b xxu||||| |||| 00| 0 eng d
020
_a
9780131955813
041
_a
eng
080
_2
5TH
_a
37
100
_a
46
101
_a
EDU
245
_a
TREFPUNKT DEUTSCH
_c
WIDMAIER,E.R
942
_2
udc
_c
BK
999
_c
29283
_d
29283